000 00578nam a2200217Ia 4500
003 OSt
005 20220928145611.0
006 a|||||r|||| 00| 0
007 ta
008 220927b |||||||| |||| 00| 0 eng d
024 _a81448
037 _cTextual
040 _aSDCL
_cSDCL
_beng
041 _2eng
_aeng
082 _aXL, M6
100 _aBerger Peter L
_9406322
245 0 _aCapitalist revolution
_b Fifty propositions about prosperity, equality and liberty.
260 _c1986
942 _hXL, M6
_cTEXL
_2CC
999 _c834299
_d834299